000 00403 a2200157 4500
001 152801
040 _cEscola São Tomás de Aquino
100 _aSORAIA, Vasconcelos
240 1 0 _aAbc da criançada
_lpor
245 1 0 _aAbc da criançada
300 _a56
362 0 _a2012
440 1 _aMiguilim
697 _aSistemas de escrita (alfabeto, Braille, abreviaturas, pontuação, etc.)
942 _cBK
999 _c152801
_d152801